Research methodology / (Record no. 52998)
[ view plain ]
| 000 -LEADER | |
|---|---|
| fixed length control field | 00552nam a2200205Ia 4500 |
| 005 - DATE AND TIME OF LATEST TRANSACTION | |
| control field | 20260429112227.0 |
| 008 - FIXED-LENGTH DATA ELEMENTS--GENERAL INFORMATION | |
| fixed length control field | 260429s9999||||xx |||||||||||||| ||und|| |
| 020 ## - INTERNATIONAL STANDARD BOOK NUMBER | |
| International Standard Book Number | 9789393462565 |
| 041 ## - LANGUAGE CODE | |
| Language | English |
| 082 ## - DEWEY DECIMAL CLASSIFICATION NUMBER | |
| Classification number | 001.42 |
| Item number | BEH |
| 100 ## - MAIN ENTRY--PERSONAL NAME | |
| Personal name | Behera, Satyapriya |
| 245 #0 - TITLE STATEMENT | |
| Title | Research methodology / |
| Statement of responsibility, etc | Satyapriya Behera |
| 260 ## - PUBLICATION, DISTRIBUTION, ETC. (IMPRINT) | |
| Place of publication, distribution, etc | New Delhi : |
| Name of publisher, distributor, etc | Navyug Books, |
| Date of publication, distribution, etc | 2024. |
| 300 ## - PHYSICAL DESCRIPTION | |
| Extent | viii, 318 p.; hb |
| 650 ## - SUBJECT ADDED ENTRY--TOPICAL TERM | |
| Topical term or geographic name as entry element | Research methodology |
| 650 ## - SUBJECT ADDED ENTRY--TOPICAL TERM | |
| Topical term or geographic name as entry element | Research methods |
| 700 ## - ADDED ENTRY--PERSONAL NAME | |
| Personal name | Bhowmick, Swati |
| 700 ## - ADDED ENTRY--PERSONAL NAME | |
| Personal name | Guru, Nibedita |
| 942 ## - ADDED ENTRY ELEMENTS (KOHA) | |
| Koha item type | Text Books |
| Withdrawn status | Lost status | Damaged status | Not for loan | Collection code | Home library | Location | Shelving location | Date of Cataloging | Source of acquisition | Total Checkouts | Full call number | Barcode | Date last seen | Price effective from | Koha item type |
|---|---|---|---|---|---|---|---|---|---|---|---|---|---|---|---|
| Non-fiction | CUTN Central Library | CUTN Central Library | Generalia | 29/04/2026 | Sri Mariyamman Stores, Virudhunagar - Invoice No. SMS-CCR/2025-26/348 on 11-02-2026 | 001.42 BEH | 58153 | 29/04/2026 | 29/04/2026 | Text Books |
